Ride The Lightning - Statystyki

Ogólne statystyki
  • Ten quiz został rozwiązany 3 razy
  • Średni wynik to 110 z 214
Statystyki odpowiedzi
Lyrics % Poprawnych
Die
100%
Don't
100%
I
100%
It
100%
The
100%
To
100%
Want
100%
A
67%
All
67%
Be
67%
Before
67%
Brain
67%
Burning
67%
Can
67%
Chair
67%
Electric
67%
Eyes
67%
Feel
67%
Flash
67%
For
67%
God
67%
Help
67%
If
67%
In
67%
Is
67%
It's
67%
Me
67%
My
67%
Now
67%
Oh
67%
Please
67%
Someone
67%
Strapped
67%
Time
67%
Ain't
33%
Air
33%
As
33%
Away
33%
Beginning
33%
But
33%
Charged
33%
Chilling
33%
Cold
33%
Controlling
33%
Damn
33%
Death
33%
Else
33%
End
33%
Guilty
33%
Happening
33%
Hours
33%
Just
33%
Let
33%
Like
33%
Minutes
33%
Moving
33%
Of
33%
Right
33%
See
33%
Seem
33%
Slow
33%
Sweat
33%
Take
33%
They're
33%
This
33%
True
33%
Trying
33%
What
33%
Am
0%
By
0%
Call
0%
Can't
0%
Consciousness
0%
Curtain
0%
Doing
0%
Dream
0%
Fear
0%
Final
0%
Fingers
0%
Flames
0%
Flick
0%
Freed
0%
Friend
0%
Frightening
0%
From
0%
Get
0%
Grip
0%
Here
0%
Horrid
0%
I'll
0%
Im
0%
Life
0%
Made
0%
Only
0%
Over
0%
Say
0%
Scream
0%
Sign
0%
Switch
0%
There's
0%
Through
0%
Unfold
0%
Wait
0%
Wakened
0%
Watch
0%
Who
0%
With
0%
You
0%
Your
0%
Nie znaleziono quizów pasujących do podanych kryteriów
Rozkład punktacji
Procent ludzi z każdym wynikiem
Percentyl według liczby udzielonych odpowiedzi
Twoja historia wyników
Nie rozwiązałeś tego quizu